000 00474nam a2200145 4500
999 _c11527
_d11527
008 181207b ||||| |||| 00| 0 eng d
022 _a
082 _aDPer 050 T48 Apr-June 2016 v. 187, n. 12-24
100 _933072
_aSpielberg, Steven
245 _aMark Rylance:
_bmuse and inspiration/
_cSteven Spielberg.
260 _aHong Kong:
_bTime Asia,
_cc2016.
300 _av187 n16-17, pages 50-51:
_billustrations;
_c27 cm.
650 0 _933073
_aCelebrities.
942 _2ddc
_cPER